Gaming Quiz

Random Gaming Quiz

Can you guess all the Escapists 2 Prisons? Quiz Stats

 Plays Quiz not verified by Sporcle

Score 0/10 Timer 05:00
0 Plays Today
Type % Correct
RegularCenter Perks 2.0
82.2%
TransportHMS Orca
64.4%
RegularArea 17
64.4%
RegularHMP Offshore
62.2%
RegularRattlesnake Springs
60%
Regular Kapow Camp
60%
TransportCougar Creek Railroad
57.8%
RegularFort Tundra
53.3%
TransportAir Force Con
51.1%
RegularUSS Anomaly
46.7%

You're not logged in!

Compare scores with friends on all Sporcle quizzes.
OR
Log In

Sporcle TV

Today on Sporcle TV


Watch our educational content, quiz creation guides, and fun videos on Sporcle TV.

Show Comments

Extras

Created Sep 13, 2017ReportNominate
Tags:prison

Top Quizzes Today


Score Distribution

Your Account Isn't Verified!

In order to create a playlist on Sporcle, you need to verify the email address you used during registration. Go to your Sporcle Settings to finish the process.

Report this User

Report this user for behavior that violates our Community Guidelines.

Details: